Совершенствование методики оконтуривания и подсчета запасов месторождений торфа; Известия Томского политехнического университета [Известия ТПУ]; Т. 304, вып. 1 : Геология, поиски и разведка полезных ископаемых Сибири

ग्रंथसूची विवरण
Parent link:Известия Томского политехнического университета [Известия ТПУ]/ Томский политехнический университет (ТПУ).— , 2000-
Т. 304, вып. 1 : Геология, поиски и разведка полезных ископаемых Сибири.— 2001.— [С. 148-154]
मुख्य लेखक: Бернатонис В. К. Вилис Казимирович
अन्य लेखक: Кудашев И. Г.
सारांश:Заглавие с титульного листа
Электронная версия печатной публикации
Оконтуривание месторождений с использованием существующих требований, предъявляемых к качеству сырья и параметрам залежей, предопределяет нерациональное использование ресурсов, искажение качественных характеристик торфа и сопутствующих полезных ископаемых и невозможность выемки запасов сырья отдельных категорий. Пересмотрены действующие и предложены принципиально новые показатели кондиций, учитывающие размеры залежей и закономерности изменчивости качества сырья. Совокупность новых условий позволяет оконтуривать в плане и по глубине залежей пригодные для раздельной отработки запасы различных категорий торфяного сырья и сопутствующих полезных ископаемых.
भाषा:रूसी
प्रकाशित: 2001
श्रृंखला:Полезные ископаемые, методы их поиска и разведки
Полезные ископаемые, методы их поисков и разведки
विषय:
ऑनलाइन पहुंच:http://www.lib.tpu.ru/fulltext/v/Bulletin_TPU/2001/v304/15.pdf
स्वरूप: इलेक्ट्रोनिक पुस्तक अध्याय
KOHA link:https://koha.lib.tpu.ru/cgi-bin/koha/opac-detail.pl?biblionumber=162940

MARC

LEADER 00000nla2a2200000 4500
001 162940
005 20231031160621.0
035 |a (RuTPU)RU\TPU\book\176728 
035 |a RU\TPU\book\176727 
090 |a 162940 
100 |a 20090629d2001 k y0rusy50 ca 
101 0 |a rus 
102 |a RU 
135 |a drnn ---uucaa 
181 0 |a i  
182 0 |a b 
200 1 |a Совершенствование методики оконтуривания и подсчета запасов месторождений торфа  |b Электронный ресурс  |f В. К. Бернатонис, И. Г. Кудашев 
203 |a Текст  |c электронный 
215 |a 1 файл (1 Мб) 
225 1 |a Полезные ископаемые, методы их поиска и разведки 
225 1 |a Полезные ископаемые, методы их поисков и разведки 
230 |a Электронные текстовые данные (1 файл : 1 Мб) 
300 |a Заглавие с титульного листа 
300 |a Электронная версия печатной публикации 
320 |a [Библиогр.: с. 154 (15 назв.)] 
330 |a Оконтуривание месторождений с использованием существующих требований, предъявляемых к качеству сырья и параметрам залежей, предопределяет нерациональное использование ресурсов, искажение качественных характеристик торфа и сопутствующих полезных ископаемых и невозможность выемки запасов сырья отдельных категорий. Пересмотрены действующие и предложены принципиально новые показатели кондиций, учитывающие размеры залежей и закономерности изменчивости качества сырья. Совокупность новых условий позволяет оконтуривать в плане и по глубине залежей пригодные для раздельной отработки запасы различных категорий торфяного сырья и сопутствующих полезных ископаемых. 
337 |a Adobe Reader 
461 1 |0 (RuTPU)RU\TPU\book\176237  |t Известия Томского политехнического университета [Известия ТПУ]  |f Томский политехнический университет (ТПУ)  |d 2000- 
463 1 |0 (RuTPU)RU\TPU\book\176705  |t Т. 304, вып. 1 : Геология, поиски и разведка полезных ископаемых Сибири  |o тематический выпуск  |f под ред. А. Ф. Коробейникова  |v [С. 148-154]  |d 2001  |p 343 с. 
610 1 |a торфяные месторождения 
610 1 |a методика 
610 1 |a подсчет запасов 
610 1 |a рациональное использование 
610 1 |a качество 
610 1 |a труды учёных ТПУ 
610 1 |a электронный ресурс 
610 1 |a сырье 
610 1 |a органо-минеральные отложения 
610 1 |a сапропели 
610 1 |a болотные фосфаты 
610 1 |a болотные воды 
610 1 |a болотные карбонаты 
610 1 |a оконтуривание 
700 1 |a Бернатонис  |b В. К.  |c российский геолог  |c доцент Томского политехнического университета, кандидат геолого-минералогических наук  |f 1944-  |g Вилис Казимирович  |2 stltpush  |3 (RuTPU)RU\TPU\pers\25036 
701 1 |a Кудашев  |b И. Г.  |4 070 
801 1 |a RU  |b 63413507  |c 20090623  |g PSBO 
801 2 |a RU  |b 63413507  |c 20210318  |g PSBO 
856 4 |u http://www.lib.tpu.ru/fulltext/v/Bulletin_TPU/2001/v304/15.pdf 
942 |c CF